000 00258nam a2200097Ia 4500
001 691267
005 20250826161832.0
008 250824s9999 xx 000 0 und d
245 0 _aARAMIZDAKİ EN KISA MESAFE
_cBARIŞ MBIÇAKCI
260 _bİLETİŞİM YAYINLARI
999 _c691267
_d691267